000 00331nam a2200109 4500
999 _c14067
_d14067
008 190731b ||||| |||| 00| 0 eng d
245 _aWhy is there still unhealthy food in school cafeterias?.
260 _aPhilippines:
_bPhilippine Daily Inquirer;
_cc2019.
300 _apage C5.
650 0 _939073
_aNutrition.
942 _2ddc
_cPER